[Event "SVK-chT5 A22 2223"]
[Site "Slovakia"]
[Date "2022.11.05"]
[Round "2.4"]
[White "Kukla, Adam"]
[Black "Dzivak, Jozef"]
[Result "0-1"]
[WhiteElo "1000"]
[BlackElo "1439"]
[PlyCount "48"]
[EventDate "2022.10.15"]
[EventType "team-tourn"]
[EventRounds "9"]
[EventCountry "SVK"]
[SourceTitle "EXT 2024"]
[Source "ChessBase"]
[SourceDate "2023.10.10"]
[SourceVersion "1"]
[SourceVersionDate "2023.10.10"]
[SourceQuality "1"]
[WhiteTeam "Hlohovec III"]
[BlackTeam "Trnava Lokomotiva III"]
[WhiteTeamCountry "SVK"]
[BlackTeamCountry "SVK"]

1. e4 c5 2. Nc3 Nc6 3. Bc4 d6 4. Nf3 Nf6 5. 0-0 g6 6. d3 Bg7 7. Bg5 0-0 8. Qd2 Bg4 9. Rfe1 Bxf3 10. gxf3 Nd4 11. Re3 Qd7 12. Qd1 Nh5 13. Nd5 Rfe8 14. f4 b5 15. Bb3 Nxb3 16. axb3 Bxb2 17. Ra2 Bd4 18. Rf3 Qg4+ 19. Kf1 f6 20. Nc7 fxg5 21. Nxa8 Nxf4 22. Nc7 Qg2+ 23. Ke1 Bc3+ 24. Qd2 Qg1# 0-1